Central Library OPAC University of Rajshahi

Climatological atlas of the British Isles / (Record no. 74805)

MARC details
000 -LEADER
fixed length control field 00923nam a22002891 4500
001 - CONTROL NUMBER
control field 74805
003 - CONTROL NUMBER IDENTIFIER
rucl marc code BD-RjUL
005 - DATE AND TIME OF LATEST TRANSACTION
control field 20211209082615.0
008 - FIXED-LENGTH DATA ELEMENTS--GENERAL INFORMATION
fixed length control field 871015s1952 enkab b f000 0 eng
035 ## - SYSTEM CONTROL NUMBER
System control number (BD-RjUL)75023
040 ## - CATALOGING SOURCE
Original cataloging agency DLC/ICU
Transcribing agency ICU
Modifying agency DLC
-- BD-RjUL
Language of cataloging eng
041 ## - LANGUAGE CODE
Language code of text/sound track or separate title eng
043 ## - GEOGRAPHIC AREA CODE
Geographic area code e-uk---
082 ## - DEWEY DECIMAL CLASSIFICATION NUMBER
Classification number 912.15515
Author mark and year GRC 1952
110 1# - MAIN ENTRY--CORPORATE NAME
Corporate name or jurisdiction name as entry element Great Britain.
Subordinate unit Meteorological Office.
9 (RLIN) 225680
245 10 - TITLE STATEMENT
Title Climatological atlas of the British Isles /
Statement of responsibility, etc. Great Britain. Meteorological Office.
260 ## - PUBLICATION, DISTRIBUTION, ETC. (IMPRINT)
Place of publication, distribution, etc. London:
Name of publisher, distributor, etc. H.M. Stationery Off.,
Date of publication, distribution, etc. 1952.
300 ## - PHYSICAL DESCRIPTION
Pagination iv, 139 p.
Illustrations illus., maps (part col.)
Size 31 cm.
490 1# - SERIES STATEMENT
Series statement Its [Publication official] M.O.
Volume/sequential designation 488
500 ## - GENERAL NOTE
General note At head of title: Air Ministry.
504 ## - BIBLIOGRAPHY, ETC. NOTE
Bibliography, etc Includes bibliographies.
651 #0 - SUBJECT ADDED ENTRY--GEOGRAPHIC NAME
Geographic name Great Britain
General subdivision Climate.
9 (RLIN) 225681
830 #0 - SERIES ADDED ENTRY--UNIFORM TITLE
Uniform title Met. O. ;
Volume number/sequential designation 488.
942 ## - ADDED ENTRY ELEMENTS (KOHA)
Source of classification or shelving scheme Dewey Decimal Classification
Koha item type Books
Holdings
Lost status Source of classification or shelving scheme Damaged status Not for loan Collection code Permanent Location Current Location Shelving location Date acquired Source of acquisition Total Checkouts Full call number Date last seen Copy number Koha item type
  Dewey Decimal Classification   Not For Loan Non-fiction Central Library, University of Rajshahi Central Library, University of Rajshahi   03/02/1964 Zeitlinger   R 912.15515 GRC 1952 06/12/2018 C-1 Books